000 00586cam a2200193 i 4500
020 _a9780896298743 (alk. paper)
020 _a0896298744 (alk. paper)
040 _cDNAL
082 0 0 _a363 KEV 2017 C165 Or.
245 0 0 _aEarthquake lessons from China :
_bcoping and rebuilding strategies /
300 _axiv, 144 pages :
_billustrations ;
_c22 cm
500 _a"A peer-reviewed publication."
650 0 _aWenchuan Earthquake, China, 2008.
650 0 _aEarthquakes
650 0 _aDisaster relief
650 0 _aEmergency management
700 1 _aChen, Kevin Z.,
942 _cAEDBB
999 _c19332
_d19332